Gridalo /

Gespeichert in:
Bibliographische Detailangaben
1. Verfasser: Saviano, Roberto (Verfasst von)
Weitere Verfasser: Baronciani, Alessandro (Illustrationen)
Format: Buch
Sprache:Italienisch
Veröffentlicht: Firenze ; Milano : Bompiani, 2020
Schriftenreihe:Bompiani Overlook
Schlagworte:
Tags: Tag hinzufügen
Keine Tags, Fügen Sie das erste Tag hinzu!

MARC

LEADER 00000nam a2200000 i 4500
001 IT\ICCU\RAV\2116605
003 ItRI
005 20250510183559.0
008 201110s2020 it |||||| ||||| |||||c
020 |a 9788830100916 
040 |b ita  |c Comunitas 
041 7 |a ita  |2 ISO-639-2 
082 |a 363.0945  |2 22 
082 |a 363.0945  |2 23 
100 1 |a Saviano, Roberto  |0 IT\ICCU\RAVV\396291  |4 aut 
240 1 0 |a Gridalo  |9 Saviano, Roberto 
245 1 0 |a Gridalo /  |c Roberto Saviano. 
260 |a Firenze ;  |a Milano :  |b Bompiani,  |c 2020 
300 |a 531 p. :  |b ill. ;  |c 21 cm 
650 7 |a Biografie  |x Temi [:] libertà di pensiero  |2 nsbncf 
700 1 |a Baronciani, Alessandro  |0 IT\ICCU\MODV\294041  |4 ill 
830 0 |a Bompiani Overlook  |0 IT\ICCU\VIA\0077298 
942 |2 ddc  |c BK 
952 |0 0  |1 0  |2 ddc  |4 0  |6 363_094500000000000_SAV_GRI  |7 0  |9 4226  |a AN  |b AN  |d 2025-05-10  |l 0  |o 363.0945 SAV GRI  |p 11403  |r 2025-05-10 18:37:13  |w 2025-05-10  |y BK 
981 1 |6 z01  |a i   |b xxxe  
982 1 |6 z01  |a n 
999 |c 3248  |d 3248